Catalog

Record Details

Catalog Search



Terénní krizová práce : psychosociální intervenční týmy  Cover Image Book Book

Terénní krizová práce : psychosociální intervenční týmy / Bohumila Baštecká a kolektiv

Record details

  • ISBN: 80-247-0708-X
  • Physical Description: 299 s. : il. ; 24 cm
  • Edition: Vyd. 1.
  • Publisher: Praha : Grada, 2005

Content descriptions

Bibliography, etc. Note:
Obsahuje bibliografii a bibliografické odkazy
Subject: krizové situace
krizová intervence
psychosociální pomoc
crisis situations
crisis intervention
psychosocial aid
Genre: příručky
handbooks and manuals

Available copies

  • 1 of 2 copies available at Common Catalog SPOK.

Holds

  • 0 current holds with 2 total copies.
Show Only Available Copies
Location Call Number / Copy Notes Barcode Shelving Location Status Due Date
Jabok Library SPr-1.2 /B 424480018435 Odborná literatura Available -
Jabok Library SPr-1.2 /B 424480018436 Odborná literatura Checked out 08.09.2025

LDR 01561nam a2200445 a 4500
00113223
003CZ-PrJAB
00520200319113225.0
007ta
008050923s2005 xr a e f 000 0 cze
015 . ‡acnb001580114
020 . ‡a80-247-0708-X ‡q(brož.)
035 . ‡a(CZ PrNK)nkc20051580114
035 . ‡a(OCoLC)85161670
040 . ‡aABA001 ‡bcze
072 7. ‡a364-1/-7 ‡xDruhy sociální pomoci a služeb ‡2Konspekt ‡918
080 . ‡a364.6-022.258 ‡2MRF
080 . ‡a364-782-022.258 ‡2MRF
080 . ‡a364-787.3 ‡2MRF
080 . ‡a(035) ‡2MRF
1001 . ‡aBaštecká, Bohumila, ‡d1955- ‡7xx0000702 ‡4aut
24510. ‡aTerénní krizová práce : ‡bpsychosociální intervenční týmy / ‡cBohumila Baštecká a kolektiv
24630. ‡aPsychosociální intervenční týmy
250 . ‡aVyd. 1.
260 . ‡aPraha : ‡bGrada, ‡c2005
300 . ‡a299 s. : ‡bil. ; ‡c24 cm
4901 . ‡aPsyché
504 . ‡aObsahuje bibliografii a bibliografické odkazy
65007. ‡akrizové situace ‡7ph121963 ‡2czenas
65007. ‡akrizová intervence ‡7ph121962 ‡2czenas
65007. ‡apsychosociální pomoc ‡7ph314822 ‡2czenas
65009. ‡acrisis situations ‡2eczenas
65009. ‡acrisis intervention ‡2eczenas
65009. ‡apsychosocial aid ‡2eczenas
655 7. ‡apříručky ‡7fd133209 ‡2czenas
655 9. ‡ahandbooks and manuals ‡2eczenas
830 0. ‡aPsyché (Grada)
910 . ‡aABG312
995 . ‡aska
901 . ‡a13223 ‡bCZ PrNK ‡c13223 ‡tbiblio

Additional Resources